Statistics for Tee's General Knowledge Quiz

Click here to take the quiz!

General Stats

  • This quiz has been taken 14 times
  • The average score is 6 of 15

Answer Stats

QuestionAnswer% Correct
What does a seismologist study?Earthquakes
93%
Which chemical element has the symbol Pb?Lead
79%
Who is the prime minister of Canada?Justin Trudeau
71%
What is the second highest mountain in the world?K2
71%
What is the capital of Liberia?Monrovia
50%
Where can one find an aglet?Shoelace
50%
In which country can one find the Moai statues?Chile
43%
What is a baby swan called?Cygnet
43%
What is the largest landlocked country in the world?Kazakhstan
36%
Which animal does the French word "phoque" translate to?Seal
29%
Which actor's real name is Michael Douglas?Michael Keaton
14%
What is Beyoncé's middle name?Giselle
7%
Which luxury group does Gucci fall under?Kering
7%
What is the name of P Diddy's streetwear brand?Sean John
7%
In which country can one find the Cradle of Humankind?South Africa
7%

Score Distribution

Percentile by Number Answered

Percent of People with Each Score

Your Score History

You have not taken this quiz